000 00609nam a22001937a 4500
005 20260414120949.0
008 260414b |||||||| |||| 00| 0 eng d
020 _a978-81-203-5334-3
050 _aQ 325 .R35 2025
100 _aRAJASEKARAN, S.
245 _aNEURAL NETWORKS, FUZZY SYSTEMS, AND EVOLUTIONARY ALGORITHMS SSNTHESIS AND APPLICATION
250 _a2ND
260 _aDEHLI,
_bPHI LEARNING PRIVATE LIMITED,
_c2025.
300 _aXX,552 P ILL
500 _aINCLUDES INDEX
650 _a1. ARTIFICIAL INTELLIGENCE 2. NEURAL NETWORKS.
700 _aPAI, G.A VIJAYALAKSHMI.
942 _2lcc
_cBK
999 _c216949
_d216949